000 00741nam a2200217Ia 4500
003 GCL
005 20240530104438.0
008 140319s9999 xx 000 0 ara d
017 _a96/4994
020 _a9772151979
040 _aGCL /
_cGCL
082 0 4 _a020.7
_bا ع
100 1 _aاحمد انور بدر
245 1 0 _aعلم المعلومات والمكتبات :
_bدراسات فى النظرية والارتباطات الموضوعية /
_cاحمد انور بدر
250 _aط1
260 _aالقاهرة :
_bدار غريب للطباعة والنشر والتوزيع ،
_c1996
300 _a508 ص ؛
_c24 سم
650 0 4 _aالمكتبات، علم
650 0 4 _aالمعلومات، علم
942 _2ddc
_cBK
999 _c47744
_d47744